书目信息 |
| 题名: |
数学与文史
|
|
| 作者: | 谈祥柏 著 | |
| 分册: | ||
| 出版信息: | 上海 上海教育出版社 2002 |
|
| 页数: | 187页 | |
| 开本: | 20cm | |
| 丛书名: | 生活数学欣赏 | |
| 单 册: | ||
| 中图分类: | O1-49 , O13 | |
| 科图分类: | ||
| 主题词: | 高等数学 | |
| 电子资源: | ||
| ISBN: | 7-5320-8545-7 | |
| 000 | 00589nam0 2200217 450 | |
| 001 | 0732828906 | |
| 005 | 20241120171431.02 | |
| 010 | @a7-5320-8545-7@d¥14.50 | |
| 100 | @a20070903d km y0chiy0120 ea | |
| 101 | 0 | @achi |
| 200 | 1 | @a数学与文史@Ashu xue yu wen shi@f谈祥柏著@Ftan xiang bai zhu |
| 210 | @a上海@c上海教育出版社@d2002 | |
| 215 | @a187页@d20cm | |
| 225 | 2 | @a生活数学欣赏 |
| 410 | 0 | @12001 @a生活数学欣赏 |
| 606 | 0 | @a高等数学 |
| 690 | @aO1-49@v3 | |
| 690 | @aO13@v4 | |
| 701 | 0 | @a谈祥柏@Atan xiang bai@4著 |
| 801 | 0 | @aCN@bPFT@c20070903 |
| 905 | @a213230@dO13@e1155@f1 | |
| 数学与文史/谈祥柏著.-上海:上海教育出版社,2002 |
| 187页;20cm.-(生活数学欣赏) |
| ISBN 7-5320-8545-7:¥14.50 |
| ● |
| 相关链接 |
|
|
|
|
正题名:数学与文史
索取号:O13/1155
 
预约/预借
| 序号 | 登录号 | 条形码 | 馆藏地/架位号 | 状态 | 备注 |
| 1 | 6700249 | 267002496 | 密集书库-数信学院/ [索取号:O13/1155] | 在馆 | |
| 2 | 6700250 | 267002502 | 密集书库-数信学院/ [索取号:O13/1155] | 在馆 |